MS-DOS 6 snadno a rychle /

Saved in:
Bibliographic Details
Main Author: Kořínek, Martin (Author)
Format: Book
Language:Czech
Published: Praha : Grada, 1993
Tags: Add Tag
No Tags, Be the first to tag this record!

MARC

LEADER 00000nam a22000003a 4500
001 stu27337
005 20150617225739.0
008 940209s1993----cs------------------cze-d
020 |a 80-85623-50-1 
040 |a STU  |b slo 
041 0 |a cze 
044 |a cs 
080 |a 519.687 
100 1 |a Kořínek, Martin  |4 aut 
245 1 |a MS-DOS 6 snadno a rychle /  |c [aut]Kořínek,Martin 
260 |a Praha :  |b Grada,  |c 1993 
300 |a 218 s 
996 |b 284V028240  |c V*42110/O-17976  |l VVT  |s A  |a 24  |w stu27337_0001